Review of work done on cashew : 1957 - 1978 (Record no. 19081)

MARC details
000 -LEADER
fixed length control field 00419nam a2200157Ia 4500
003 - CONTROL NUMBER IDENTIFIER
control field OSt
005 - DATE AND TIME OF LATEST TRANSACTION
control field 20230225141847.0
008 - FIXED-LENGTH DATA ELEMENTS--GENERAL INFORMATION
fixed length control field 140316s9999 xx 000 0 und d
082 ## - DEWEY DECIMAL CLASSIFICATION NUMBER
Classification number 634 .573 UASB
Item number RAI/RE
100 ## - MAIN ENTRY--PERSONAL NAME
Personal name Rai,P S
245 ## - TITLE STATEMENT
Title Review of work done on cashew : 1957 - 1978
260 ## - PUBLICATION, DISTRIBUTION, ETC. (IMPRINT)
Place of publication, distribution, etc. Bangalore
Name of publisher, distributor, etc. University of Agricultural Sciences
Date of publication, distribution, etc. 1981
300 ## - PHYSICAL DESCRIPTION
Extent 36
700 ## - ADDED ENTRY--PERSONAL NAME
Personal name Vidyachandra,B
942 ## - ADDED ENTRY ELEMENTS (KOHA)
Source of classification or shelving scheme Dewey Decimal Classification
Koha item type Reference Book
Holdings
Withdrawn status Lost status Source of classification or shelving scheme Damaged status Not for loan Home library Current library Date acquired Total Checkouts Full call number Barcode Date last seen Price effective from Koha item type
    Dewey Decimal Classification     KAU Central Library, Thrissur KAU Central Library, Thrissur 18/03/2014   634 .573 RAI/RE 207379 18/03/2014 18/03/2014 Report
Kerala Agricultural University Central Library
Thrissur-(Dt.), Kerala Pin:- 680656, India
Ph : (+91)(487) 2372219
E-mail: librarian@kau.in
Website: http://library.kau.in/